Datum a čas kvízu
28.5
Celkem bodů
Celkový počet nahraných bodů na tomto kvízu bez doplňovacích otázek.
7.
Pořadí na kvízu
Konečné umístění týmu na tomto kvízu.
Zaznamenané odpovědi
| # | Otázka | Odpověď | Body | Výsledky |
|---|---|---|---|---|
| 1. | U jednoho nově otevřeného obch... | pro ženy | 0 | |
| 2. | V neděli začala světová výstav... | v Japonsku | 1 | |
| 3. | Minulý týden byl představen tr... | Mission Impossible; Poslední zúčtování/ The Final Reckoning | 0.5 | |
| 4. | Americká genetická společnost... | Hra o trůny, pravlk | 1 | |
| 5. | Ve středu začalo hokejové mist... | České Budějovice | 0 | |
| 6. | Termín Velikonoc, tedy neděle... | v Turecku | 1 | |
| 7. | S Velikonocemi je spojena řada... | o holubici | 0 | |
| 8. | Velký pátek je v České republi... | 2016 (2015–2017) | 1 | |
| 9. | Dny, které jsou nějak spojené... | 1A 2B 3D 4C | 0 | |
| 10. | Australané nejsou vzhledem k t... | bandikut (králíkovitý) | 0 |